| 000 | 01414nam a2200337 i 4500 | ||
|---|---|---|---|
| 999 |
_c68503 _d68503 |
||
| 001 | 68503 | ||
| 003 | Mx-PuUPA | ||
| 005 | 20240410104258.0 | ||
| 008 | 200110s2012 mx d|||gr|||| 001 0 spa d | ||
| 020 | _a9786073207997 | ||
| 040 |
_aMx-PuUPA _bspa _cMx-PuUPA _dMx-PuUPA _erda |
||
| 041 | 1 |
_aspa _heng |
|
| 100 | 1 |
_aJohnson, Richard A. _d1937- _q(Richard Arnold), _eautor |
|
| 240 | 1 | 0 |
_aMiller & Freund's probability and statistics for engineers. _lEspañol |
| 245 | 1 | 0 |
_aMiller y Freund : _bprobabilidad y estadística para ingenieros / _cRichard A. Johnson ; traducción, Víctor Campos Olguín |
| 250 | _aOctava edición | ||
| 264 | 4 |
_aCiudad de México : _bPearson Educación de México, _c2012 |
|
| 300 |
_ax, 541 páginas : _bgráficas ; _c26 cm |
||
| 336 |
_2rdacontent _atexto _btxt |
||
| 337 |
_2rdamedia _asin medio _bn |
||
| 338 |
_2rdacarrier _avolumen _bnc |
||
| 650 | 4 |
_aIngeniería _xMétodos estadísticos |
|
| 650 | 4 | _aProbabilidades | |
| 650 | 4 | _aEstadística | |
| 700 | 1 |
_aCampos Olguín, Víctor, _etraductor |
|
| 765 | 0 | 8 |
_aJohnson, Richard A. (Richard Arnold), 1937- _tMiller & Freund's probability and statistics for engineers _b8th edition _dBoston ; Montreal : Prentice Hall, ©2011 _z9780321640772 |
| 942 |
_2ddc _cLI _h519.2 _iJ65 |
||